Największe miasta w państwach świata - Statystyki

Ogólne statystyki
  • Ten quiz został rozwiązany 23 razy
  • Średni wynik to 103 z 204
Statystyki odpowiedzi
Populacja Państwo Miasto % Poprawnych
8 335 897 Stany Zjednoczone Nowy Jork
90%
3 120 612 Argentyna Buenos Aires
85%
20 439 541 Egipt Kair
85%
9 209 944 Meksyk Meksyk
85%
1 995 471 Białoruś Mińsk
85%
2 102 650 Francja Paryż
85%
882 633 Holandia Amsterdam
80%
637 798 Grecja Ateny
80%
3 878 100 Niemcy Berlin
80%
588 233 Irlandia Dublin
80%
194 291 Belgia Bruksela
80%
418 495 Albania Tirana
80%
2 130 517 Kuba Hawana
80%
664 028 Finlandia Helsinki
80%
638 790 Dania Kopenhaga
80%
3 266 126 Hiszpania Madryt
80%
12 655 050 Rosja Moskwa
80%
1 384 732 Czechy Praga
80%
12 325 232 Brazylia São Paulo
80%
1 278 031 Bułgaria Sofia
80%
459 326 Estonia Tallin
80%
1 862 402 Polska Warszawa
80%
764 Watykan Watykan
80%
2 005 760 Austria Wiedeń
80%
767 131 Chorwacja Zagrzeb
80%
2 988 145 Algieria Algier
75%
24 042 Andora Andora
75%
478 040 Słowacja Bratysława
75%
1 723 836 Węgry Budapeszt
75%
3 550 622 Zjednoczone Emiraty Arabskie Dubaj
75%
1 716 983 Rumunia Bukareszt
75%
1 170 396 Gwatemala Gwatemala
75%
2 952 301 Ukraina Kijów
75%
665 500 Mołdawia Kiszyniów
75%
15 388 000 Nigeria Lagos
75%
505 526 Portugalia Lizbona
75%
8 961 989 Wielka Brytania Londyn
75%
39 150 Monako Monako
75%
56 848 Cypr Nikozja
75%
709 037 Norwegia Oslo
75%
156 169 Czarnogóra Podgorica
75%
145 149 Kosowo Prisztina
75%
139 875 Islandia Reykjavik
75%
605 802 Łotwa Ryga
75%
2 825 661 Włochy Rzym
75%
275 524 Bośnia i Hercegowina Sarajewo
75%
422 540 Macedonia Północna Skopje
75%
1 617 407 Szwecja Sztokholm
75%
14 064 696 Japonia Tokio
75%
2 615 060 Kanada Toronto
75%
602 560 Tunezja Tunis
75%
605 270 Litwa Wilno
75%
2 262 600 Azerbejdżan Baku
70%
1 166 763 Serbia Belgrad
70%
7 743 955 Kolumbia Bogota
70%
26 495 000 Indie Delhi
70%
10 562 088 Indonezja Dżakarta
70%
4 601 789 Afganistan Kabul
70%
8 258 847 Peru Lima
70%
284 293 Słowenia Lublana
70%
660 809 Luksemburg Luksemburg
70%
5 188 286 Arabia Saudyjska Rijad
70%
316 090 Salwador San Salvador
70%
10 025 927 Korea Południowa Seul
70%
15 840 900 Turcja Stambuł
70%
1 089 358 Mongolia Ułan Bator
70%
427 721 Szwajcaria Zurych
70%
5 676 648 Tajlandia Bangkok
65%
2 003 718 Wenezuela Caracas
65%
3 357 173 Maroko Casablanca
65%
2 682 158 Senegal Dakar
65%
475 322 Dżibuti Dżibuti
65%
1 092 800 Armenia Erywań
65%
4 405 000 Kuwejt Kuwejt
65%
2 867 504 Boliwia La Paz
65%
1 319 108 Urugwaj Montevideo
65%
708 738 Panama Panama
65%
6 767 000 Chile Santiago
65%
5 453 566 Singapur Singapur
65%
1 201 800 Gruzja Tbilis
65%
2 079 000 Syria Damaszek
60%
16 820 000 Bangladesz Dhaka
60%
5 636 000 Republika Południowej Afryki Johannesburg
60%
1 660 714 Filipiny Manila
60%
4 672 000 Kenia Nairobi
60%
3 157 538 Korea Północna Pjongjang
60%
3 798 699 Dominikana Santo Domingo
60%
24 237 800 Chiny Szanghaj
60%
12 223 598 Iran Teheran
60%
2 220 000 Libia Trypolis
60%
3 774 000 Etiopia Addis Abeba
55%
1 274 225 Madagaskar Antananarywa
55%
7 216 040 Irak Bagdad
55%
1 186 023 Katar Doha
55%
666 041 Jamajka Kingston
55%
16 500 Saint Vincent and Grenadyny Kingstown
55%
1 627 172 Malezja Kuala Lumpur
55%
133 412 Malediwy Male
55%
942 194 Haiti Port-au-Prince
55%
680 250 Paragwaj Asunción
50%
2 060 363 Liban Bejrut
50%
853 651 Sierra Leone Freetown
50%
997 911 Nepal Katmandu
50%
17 071 000 Demokratyczna Republika Konga Kinszasa
50%
797 003 Gabon Libreville
50%
5 172 900 Angola Luanda
50%
4 875 000 Australia Melbourne
50%
2 590 000 Somalia Mogadiszu
50%
359 061 Kostaryka San Jose
50%
1 146 284 Honduras Tegucigalpa
50%
4 227 569 Mali Bamako
45%
427 400 Gwinea Bissau Bissau
45%
1 053 900 Kirgistan Biszkek
45%
235 017 Gujana Georgetown
45%
7 125 493 Wietnam Ho Chi Minh
45%
1 168 570 Rwanda Kigali
45%
1 118 264 Liberia Monrovia
45%
474 534 Izrael Tel Awiw
45%
4 707 404 Wybrzeże Kości Słoniowej Abidżan
40%
2 600 000 Ghana Akra
40%
2 211 198 Kazachstan Ałmaty
40%
2 367 000 Jordania Amman
40%
1 467 800 Nowa Zelandia Auckland
40%
57 169 Belize Belize City
40%
2 145 783 Kongo Brazzaville
40%
96 579 Barbados Bridgetown
40%
4 364 541 Tanzania Dar Es Salaam
40%
1 926 496 Kamerun Jaunde
40%
14 910 352 Pakistan Karaczi
40%
94 874 Eswatini Mbabane
40%
255 789 Bahamy Nassau
40%
958 399 Mauretania Nawakszut
40%
1 092 066 Czad Ndżamena
40%
248 477 Surinam Paramaribo
40%
366 862 Papua-Nowa-Gwinea Port Moresby
40%
151 346 Republika Zielonego Przylądka Praia
40%
1 707 531 Jemen Sana
40%
2 554 900 Uzbekistan Taszkent
40%
128 807 Naddniestrze Tyraspol
40%
697 013 Erytrea Asmara
35%
1 003 678 Turkmenistan Aszchabad
35%
8 899 Saint Lucia Castries
35%
846 400 Tadżykistan Duszanbe
35%
227 333 Botswana Gaborone
35%
1 516 210 Uganda Kampala
35%
1 667 864 Gwinea Konakry
35%
989 318 Malawi Lilongwe
35%
848 428 Togo Lome
35%
2 200 000 Zambia Lusaka
35%
990 417 Nikaragua Managua
35%
297 502 Bahrajn Manama
35%
1 080 277 Mozambik Maputo
35%
646 024 Oman Maskat
35%
1 283 888 Niger Niamey
35%
1 501 725 Kambodża Phnom Penh
35%
158 965 Mauritius Port Louis
35%
12 898 Dominika Roseau
35%
24 226 Antigua i Barbuda Saint John's
35%
71 868 Wyspy Świętego Tomasza i Książęca São Tomé
35%
6 049 Liechtenstein Schaan
35%
5 796 Grenada St George's
35%
99 021 Bhutan Thimphu
35%
21 680 Seszele Victoria
35%
486 169 Namibia Windhuk
35%
158 110 Brunei Bandar Seri Begawan
30%
747 109 Republika Środkowafrykańska Bangi
30%
195 499 Timor Wschodni Dili
30%
508 908 Sudan Południowy Dżuba
30%
590 481 Palestyna Gaza
30%
1 831 859 Zimbabwe Harare
30%
752 933 Sri Lanka Kolombo
30%
267 559 Lesotho Maseru
30%
60 200 Komory Moroni
30%
2 453 496 Burkina Faso Wagadugu
30%
1 013 000 Burundi Bużumbura
25%
2 482 017 Ekwador Guayaquil
25%
7 360 703 Mjanma Jangon
25%
679 012 Benin Kotonu
20%
3 127 802 Sudan Omdurman
20%
47 510 Vanuatu Port Vila
20%
35 454 Samoa Apia
15%
312 000 Gwinea Równikowa Bata
15%
27 797 Wyspy Marshalla Majuro
15%
4 036 911 Tajwan Nowe Tajpej
15%
24 500 Tonga Nukuʻalofa
15%
70 090 Kiribati Tarawa
15%
130 176 Wyspy Salomona Honiara
10%
61 378 Cypr Północny Nikozja Północna
10%
29 097 Malta Saint Paul's Bay
10%
217 732 Sahara Zachodnia al-Ujun
5%
30 432 Osetia Południowa Cchinwali
5%
83 516 Trynidad i Tobago Chaguanas
5%
2 204 Saint Kitts i Nevis Charlestown
5%
1 200 000 Somaliland Hargeisa
5%
9 587 Palau Koror
5%
87 446 Fidżi Nasinu
5%
1 207 Tuvalu Senala
5%
10 571 San Marino Serravalle
5%
415 962 Gambia Serrekunda
5%
65 530 Abchazja Suchumi
5%
698 318 Laos Vientiane
5%
12 000 Mikronezja Weno
5%
Afryka Afryka Afryka
0%
1 380 Nauru Meneng
0%
Nie znaleziono quizów pasujących do podanych kryteriów
Rozkład punktacji
Procent ludzi z każdym wynikiem
Percentyl według liczby udzielonych odpowiedzi
Twoja historia wyników
Nie rozwiązałeś tego quizu